000 00284nam a2200133Ia 4500
008 240624s9999 xx 000 0 und d
041 _aeng
082 _a658.4092 MAR
100 _aMARCH JAMES G
245 _aON LEADERSHIP
260 _c2005
300 _a148 : p.
365 _c
_b28
999 _c28034
_d28034